関東以外のJR東日本 乗車人員上位100駅 - Statistics

General Stats
  • This quiz has been taken 640 times
  • The average score is 55 of 100
Answer Stats
乗車人員 駅名 % Correct
89462人 仙台
99%
16087人 郡山
96%
14292人 福島
96%
9830人 秋田
95%
16102人 盛岡
94%
5556人 青森
94%
9652人 山形
93%
33188人 新潟
92%
4999人 いわき
92%
4324人 八戸
92%
4390人 新青森
89%
19286人 長野
88%
10633人 長岡
87%
3915人 一ノ関
86%
15292人 松本
84%
3668人 北上
83%
3004人 花巻
81%
3247人 越後湯沢
80%
2720人 石巻
80%
13393人 甲府
79%
3895人 弘前
79%
2701人 新白河
79%
13297人 名取
78%
1844人 米沢
78%
4379人 古川
76%
2579人 上田
75%
2164人 会津若松
75%
19792人 あおば通
74%
2198人 燕三条
73%
6519人 岩沼
72%
5155人 大月
72%
4360人 軽井沢
72%
2594人 白石
72%
3908人 塩尻
70%
1852人 小牛田
69%
3786人 新津
68%
3226人 新発田
66%
3829人 上諏訪
65%
9413人 長町
63%
4194人 北仙台
63%
9518人 南仙台
62%
5595人 多賀城
62%
3144人 佐久平
62%
8179人 篠ノ井
60%
2762人 岡谷
59%
3352人 茅野
57%
2503人 利府
57%
2348人 塩釜
57%
2016人 上越妙高
57%
4188人 愛子
54%
4172人 上野原
54%
10837人 熱海
53%
2304人 竜王
53%
2282人 東三条
50%
3421人 東仙台
49%
2516人 本塩釜
49%
2316人 北山
48%
2019人 須賀川
48%
4348人 岩切
47%
2701人 石和温泉
47%
2373人 韮崎
47%
5570人 宮城野原
46%
2094人 東塩釜
46%
4118人 太子堂
44%
4695人 白山
42%
3966人 陸前原ノ町
42%
2594人 槻木
42%
3259人 榴ケ岡
41%
2184人
41%
6516人 伊東
39%
3197人 豊栄
39%
3083人 東北福祉大前
38%
4921人 亀田
37%
3722人 東照宮
37%
3055人 大河原
36%
6128人 小鶴新田
35%
2835人 苦竹
35%
2811人 新潟大学前
33%
2376人 安積永盛
33%
1909人 館腰
33%
1914人 見附
31%
5187人 中野栄
28%
2148人 加茂
28%
2763人 国見
26%
2990人 矢幅
25%
2918人 船岡
25%
2294人 内野
25%
3689人 福田町
24%
3308人 陸前落合
23%
5071人 陸前高砂
22%
3293人 下馬
21%
2068人 酒折
21%
1988人
21%
1841人 今井
18%
2641人 広丘
17%
2129人 村井
17%
2129人 岩手飯岡
16%
2441人 金谷川
14%
1842人 荻川
14%
2241人 小針
12%
No matching quizzes found
Score Distribution
Percent of People with Each Score
Percentile by Number Answered
Your Score History
You have not taken this quiz